[Event "Wch U10"]
[Site "Batumi"]
[Date "2016.10.30"]
[Round "11"]
[White "Sargsyan, Gor K"]
[Black "Van Schaik, Migael"]
[Result "1-0"]
[WhiteElo "1580"]
[BlackElo "1180"]
[PlyCount "97"]
[EventDate "2016.10.19"]
[EventType "swiss"]
[EventRounds "11"]
[EventCountry "GEO"]
[SourceTitle "EXT 2018"]
[Source "ChessBase"]
[SourceDate "2017.10.13"]
[SourceVersion "1"]
[SourceVersionDate "2017.10.13"]
[SourceQuality "1"]

1. e4 e5 2. Nf3 Nc6 3. Bb5 Nge7 4. 0-0 g6 5. c3 a6 6. Bc4 Bg7 7. d4 exd4 8. cxd4 d5 9. exd5 Nxd5 10. Re1+ Nde7 11. Bg5 h6 12. Bxe7 Nxe7 13. Qe2 Bf6 14. Qe3 Kf8 15. Ne5 Bxe5 16. Qxe5 Rh7 17. Nc3 Bf5 18. Re3 Nc6 19. Qc5+ Qd6 20. Nd5 Qxc5 21. dxc5 Rc8 22. Rae1 Be6 23. Rf3 Bxd5 24. Bxd5 f5 25. g4 Re8 26. Rxe8+ Kxe8 27. gxf5 gxf5 28. Rxf5 Ne7 29. Re5 c6 30. Be6 Kd8 31. f4 Ng6 32. Re4 Re7 33. f5 Nf8 34. Rd4+ Kc7 35. Bc4 Re5 36. Bd3 Rxc5 37. Rh4 Rd5 38. Rh3 Rd6 39. Kf2 Nd7 40. Ke3 Nc5 41. Bc2 b5 42. b4 Nd7 43. Rg3 Ne5 44. Kf4 Nc4 45. Bb3 Nb6 46. Rg7+ Nd7 47. Rg6 Nf8 48. Rg7+ Nd7 49. h4 1-0

[Event "Wch U10"]
[Site "Batumi"]
[Date "2016.10.29"]
[Round "10"]
[White "Maneluk, Daniil"]
[Black "Sargsyan, Gor K"]
[Result "1-0"]
[WhiteElo "1934"]
[BlackElo "1580"]
[PlyCount "77"]
[EventDate "2016.10.19"]
[EventType "swiss"]
[EventRounds "11"]
[EventCountry "GEO"]
[SourceTitle "EXT 2018"]
[Source "ChessBase"]
[SourceDate "2017.10.13"]
[SourceVersion "1"]
[SourceVersionDate "2017.10.13"]
[SourceQuality "1"]

1. e4 c5 2. Nf3 d6 3. d4 cxd4 4. Nxd4 Nf6 5. Nc3 a6 6. f3 e6 7. Be3 Be7 8. Qd2 b5 9. g4 Bb7 10. 0-0-0 Nc6 11. Kb1 Rc8 12. h4 Ne5 13. h5 b4 14. Na4 Qa5 15. b3 d5 16. g5 Nfd7 17. f4 Nc6 18. e5 Nc5 19. Nxc5 Bxc5 20. Nxc6 Rxc6 21. Bxc5 Rxc5 22. Qd4 Ke7 23. f5 Rhc8 24. f6+ gxf6 25. gxf6+ Kd7 26. Bd3 h6 27. Rhg1 R8c7 28. Rg7 Kc6 29. Rdg1 Rc3 30. Rh7 Qc5 31. Qxc5+ Kxc5 32. Rgg7 Kd4 33. Rxf7 Rxf7 34. Rxf7 Bc6 35. Re7 Bb5 36. f7 Rc8 37. Bxb5 Rf8 38. Bd7 Kxe5 39. Bxe6 1-0

[Event "Wch U10"]
[Site "Batumi"]
[Date "2016.10.27"]
[Round "8"]
[White "Sargsyan, Gor K"]
[Black "Shapovalovi, Vasiko"]
[Result "1-0"]
[WhiteElo "1580"]
[BlackElo "1453"]
[PlyCount "31"]
[EventDate "2016.10.19"]
[EventType "swiss"]
[EventRounds "11"]
[EventCountry "GEO"]
[SourceTitle "EXT 2018"]
[Source "ChessBase"]
[SourceDate "2017.10.13"]
[SourceVersion "1"]
[SourceVersionDate "2017.10.13"]
[SourceQuality "1"]

1. e4 e6 2. d4 d5 3. Nc3 dxe4 4. Nxe4 Nd7 5. Nf3 Ngf6 6. Bd3 Be7 7. 0-0 0-0 8. Ne5 Nxe5 9. dxe5 Nd7 10. Bf4 b6 11. Qh5 h6 12. Bxh6 gxh6 13. Qxh6 Re8 14. Nf6+ Bxf6 15. Bh7+ Kh8 16. Bg6+ 1-0

[Event "Wch U10"]
[Site "Batumi"]
[Date "2016.10.23"]
[Round "5"]
[White "Aizenberg, Benny"]
[Black "Sargsyan, Gor K"]
[Result "1-0"]
[WhiteElo "1462"]
[BlackElo "1580"]
[PlyCount "73"]
[EventDate "2016.10.19"]
[EventType "swiss"]
[EventRounds "11"]
[EventCountry "GEO"]
[SourceTitle "CBM 175 Extra"]
[Source "ChessBase"]
[SourceDate "2016.12.12"]
[SourceVersion "1"]
[SourceVersionDate "2016.12.12"]
[SourceQuality "1"]

1. e4 c5 2. Nf3 d6 3. c3 Nf6 4. Bd3 Nc6 5. Bc2 e5 6. 0-0 Be7 7. h3 a6 8. d4 0-0 9. Be3 b5 10. Nbd2 Bb7 11. d5 Nb8 12. b4 c4 13. a4 Nbd7 14. a5 Ne8 15. Re1 Nc7 16. Nf1 f5 17. Bc1 fxe4 18. Bxe4 Nf6 19. Bf5 Bxd5 20. Ne3 Be4 21. Bxe4 Nxe4 22. Nd5 Nf6 23. Nb6 Rb8 24. Bg5 Kh8 25. Qd2 Ne6 26. Rad1 Ne8 27. Bxe7 Qxe7 28. Qc2 Nf4 29. Nd5 Nxd5 30. Rxd5 Nf6 31. Rdd1 Nh5 32. Qd2 Rbd8 33. Qg5 Qxg5 34. Nxg5 Rf6 35. Rxe5 Rdf8 36. Rxd6 Nf4 37. Rd2 1-0